000 00888nam a2200217 a 4500
001 BRCA_80
005 20190320202855.0
008 920829s1991 mx-a---##b---s000-0#spa-#
050 4 _aNA7246.P8
_b.J83 1991
100 1 _aJuárez Burgos, Antonio
_9326
245 1 0 _aLa Casa de los Muñecos
_cAntonio Juárez Burgos.
260 _a[Puebla]
_bGobierno del Estado de Puebla
_c1991
300 _a122 p.
_bil. (algunas a color)
_c23 cm.
504 _aBibliografía : p. 121-122
650 1 4 _aCasa delos Muñecos
_xConservación y restauración
_zPuebla (México)
_9327
650 1 4 _aViviendas
_xConservación y restauración
_zPuebla (México)
_9328
650 1 4 _aFachadas
_xConservación y restauración
_zPuebla (México)
_9329
650 1 4 _aAzulejos
_xConservación y restauración
_zPuebla (México)
_9330
650 1 4 _aPuebla (México)
_xEdificios, estructuras etc.
_zSiglo XVIII
_9331
942 _2lcc
_cB
999 _c73
_d73